Slum wars of the 21st century: gangs, mano dura and the new urban geography of conflict in Central America /
Wedi'i Gadw mewn:
| Prif Awdur: | |
|---|---|
| Fformat: | Texto |
| Tagiau: |
Ychwanegu Tag
Dim Tagiau, Byddwch y cyntaf i dagio'r cofnod hwn!
|
MARC
| LEADER | 00000 a a2200000 04500 | ||
|---|---|---|---|
| 001 | 44897 | ||
| 003 | |||
| 040 | |||
| 100 | |a Rodgers, Dennis | ||
| 245 | |a Slum wars of the 21st century: |b gangs, mano dura and the new urban geography of conflict in Central America / |c Dennis Rodgers | ||
| 500 | |a dennis.rodgers@manchester.ac.uk | ||
| 773 | |g volumen40, número5 (2009), páginas 949-976 | ||
| 999 | |c 20647 |d 20647 | ||
